Breaking TV News! Quiz Stats

 Plays Quiz Updated Jun 2, 2019

Score 0/15 Timer 05:00
10 Plays Today
Hint Answer % Correct
Scooby-Doo, Where Are You!
95.9%
Lost
87.6%
ALF
87%
Veep
83.6%
Breaking Bad
79.1%
Futurama
77.2%
Sherlock
72%
Bojack Horseman
69.4%
Hint Answer % Correct
Stranger Things
69%
Monty Python's Flying Circus
68.6%
Cheers
67.4%
Seinfeld
61.9%
Fraggle Rock
58.2%
Arrested Development
57.3%
Land of the Lost
30.8%

You're not logged in!

Compare scores with friends on all Sporcle quizzes.
OR
Log In

Sporcle TV

Today on Sporcle TV


Watch our educational content, quiz creation guides, and fun videos on Sporcle TV.

Show Comments

Extras

Top Quizzes Today


Score Distribution

Your Account Isn't Verified!

In order to create a playlist on Sporcle, you need to verify the email address you used during registration. Go to your Sporcle Settings to finish the process.

Report this User

Report this user for behavior that violates our Community Guidelines.

Details: